=LDR 00000nam 2200000 4500 =001 INLIS000000000003544 =005 20130612091838 =008 ***********************************Ind** =035 ##$$0010-061300000003544 =041 ##$$a Ind =082 ##$$a 610.73 =090 ##$$a 610.73, Pri t =100 ##$$a Priharjo, Robert =245 ##$$a Teknik dasar pemberian obat bagi perawat, Robert Priharjo; editor, Ni Luh Gde Yasmin Asih =260 ##$$a 1995 $b Jakarta =300 ##$$a vii, 94 hlm., ilus, 21 cm =650 ##$$a Perawat dan perawatan =850 ##$$a NBPNMAT =990 ##$$a 0001/BPAP-NTB/20142014 =990 ##$$a 2090101171/BPAP-NTB/2015